00581nam a22001697a 450000500170000001000150001702000260003203500140005803700130007208200120008510000250009724500830012226000450020527000660025030000250031650000700034120181024161349.0 aENG-124359 a9780199467457c795.00 aEN-107891 bDBAD/PUB a871.309 aKeshavamurthy, Kiran aBeyond Desire:cby Kiran Keshavamurthybsexuality in modern tamil literature / aNew DelhibOxford University Pressc2016 bNew Delhie110002a2/11 Ground Floor, Ansari Road, Daryaganj, axxxv,198pc22cm.(Hb) aIt includes conclusion, bibliography, index and about the author